000 00340nam a22001457a 4500
008 230706b ||||| |||| 00| 0 eng d
020 _a9780321931061
041 _aeng
080 _2ELEVENTH EDITION
_a51
082 _a51LIA
100 _a23
101 _aMATE
245 _aFINITE MATHEMATICS WITH APPLICATIONS
_cLIAL
942 _2udc
_cBK
999 _c60107
_d60107